Представление документа в формате RUSMARC

ПолеНазваниеЗначение
  Тип записи a
  Библиографический уровень m
001 Контрольный номер admiBOOK00018586
005 Дата корректировки 20140508173804.6
010 Индекс ISBN __
a ISBN 978-5-16-003471-3
d Цена 235,00
100 Данные общей обработки __
a Данные общей обработки 19020211 |||y0 y0189 ca
101 Язык документа __
a Язык текста rus
105 Кодированные данные (монография) __
a Кодированные данные (монография) zy
200 Заглавие и сведения об ответственности 0_
a Заглавие Экономика отрасли
e Сведения, относящиеся к заглавию Учебное пособие
205 Сведения об издании __
b Дополнительные сведения об издании Гриф УМО
210 Выходные данные __
a Место издания М
c Издательство ИНФРА-М
d Дата издания 2010
215 Физическое описание __
a Объем 309с.
225 Серия __
a Серия Высшее образование
606 Тематические рубрики __
a Основная рубрика Специальные и отраслевые экономики
x Основная подрубрика Экономика отрасли
610 Ключевые слова __
a Ключевые слова Экономика отрасли
a Ключевые слова Формирование отраслей
a Ключевые слова Отраслевая структура
a Ключевые слова Отраслевые рынки
a Ключевые слова Объединения хозяйствующих субъектов
a Ключевые слова Экономика размещения производительных сил
a Ключевые слова Конкурентоспособность компаний
a Ключевые слова Нормы отрасли
a Ключевые слова Нормативы отрасли
a Ключевые слова Инновационное развитие отраслей
a Ключевые слова Научно-техническое развитие отраслей
a Ключевые слова Отраслевая система управления кадрами
a Ключевые слова Инвестиционная деятельность в отраслях
675 Индекс УДК __
a Индекс УДК 338.4(075.8)
686 Индексы других классификаций __
a Классификационный индекс 65.2/4
a Классификационный индекс 65.30
700 Автор __
a Фамилия Поздняков
b Имя В.Я.
701 Альтернативная интеллектуальная ответственность __
a Фамилия Казаков С.В.
852 Данные о местонахождении __
c Местонахождение стеллажа 65.2/4
c Местонахождение стеллажа 65.30
j Шифр хранения 65.2/4
852 Данные о местонахождении __
b Сигла хранения ЧЗ_1
t Номер экземпляра 1
i Авторский знак П47
p Инвентарный номер 145985
901 Тип документа __
t Тип документа m
911 __
u 952a=Учебная
u 952p=2047
938 Служебная информация __
a Название организации Саранский филиал
b Имя БД OUTPUT.MRC_Саранск
c Название АИБС АИБС Библиотека